1447 1366 1381 1487 1723 1697 1837 1138 1665 1923 1915 1101 1262 1363 1872 1790 1501 1979 1797 1926 1698 1408 1754 1796 1611 1260 1334 1393 1377 1270 1690 1567 1215 1072 1011 1531 1621 1244 1485 1794 1758 1622 1414 1688 1772 1041 1019 1653 1154 1247 1724 1875 1718 1720 1158 1299 1567 1008 1936 1773 1655 1169 1422 1909 1549 1742 1935 1618 1736 1856 1852 1812 1076 1399 1516 1720 1986 1846 1712 1985 1911 1534 1344 1498 1490 1976 1509 1759 1606 1596 1330 1293 1205 1725 1893 1177 1436 1649 1863 BCNSPRNW ULIB Ver.6.0+V

เปลี่ยนเป็นภาษาไทย

Change to English
 แสดงรายละเอียดบรรณานุกรม
  กลับหน้าหลัก

Brief Record : Get Marc (ISO 2709) : E-mail record : QR code < ปิดหน้าต่าง
LEADER : 00000nam 2200000uu 4500
001    13399124382
003     ULIB
008    150603s2556||||th 000 0 tha d
020    ^a9786161123178
060 04 ^aWA900.JT3^bส356
245 00 ^aสรุปรายงานการป่วย พ.ศ. 2556 /^cสำนักนโยบายและยุทธศาสตร์ กระทรวงสาธารณสุข
260    ^aนนทบุรี :^bสำนักนโยบายและยุทธ,^c2556
300    ^aก-จ, 179 หน้า :^bตาราง แผนภูมิ;^c30 ซม.
310    ^aรายปี,^b2556
650  4 ^aความเจ็บป่วย^zไทย^vสถิติ
650  4 ^aโรค^vสถิติ
710 2  ^aสำนักนโยบายและยุทธศาสตร์
945    ^p0^l0^i22960
945    ^p0^l0^i22961
995    ^aเกษร
999    ^aเกษร โพธิ์สุวรรณ
รายการนี้ยังไม่มีแท็ก
คุณยังไม่ได้ล็อกอิน คุณสามารถมีกิจกรรมร่วมกับเว็บไซต์ได้ แต่ต้องล็อกอินก่อน ::
  ล็อกอิน

รายการสื่อสารสนเทศ

ลำดับที่ ประเภท เลขเรียก/บาร์โค้ด สถานที่ สถานะ
1. วิทยาศาสตร์การแพทย์ และสุขภาพ
วิทยาศาสตร์การแพทย์ และสุขภาพ
สถานะ=หนังสือเก่า
WA900.JT3 ส356 ฉ.1 
  Barcode: 22960
ห้องสมุดวิทยาเขตนครสวรรค์
►ส่วนจัดเก็บหนังสือเก่า นว.
บนชั้น
  ขอยืม
2. วิทยาศาสตร์การแพทย์ และสุขภาพ
วิทยาศาสตร์การแพทย์ และสุขภาพ
สถานะ=หนังสือเก่า
WA900.JT3 ส356 ฉ.2 
  Barcode: 22961
ห้องสมุดวิทยาเขตนครสวรรค์
►ส่วนจัดเก็บหนังสือเก่า นว.
บนชั้น
  ขอยืม

BibComment


ยังไม่เคยถูกคอมเมนท์

คอมเมนท์ทรัพยากรรายการนี้
  คอมเมนท์: สรุปรายงานการป่ว..


 Copyright 2026. Bcnsprnw @Library